The Friday Multiple Choice Quiz (General Knowledge) #3 - Statistics

General Stats
  • This quiz has been taken 74 times
  • The average score is 5 of 10
Answer Stats
Question Answer % Correct
Who played Hikaru Sulu in Star Trek? George Takei
84%
Which one of these is a collective noun for Giraffes? Tower
70%
What do the flags of Dominica, Uganda and Papua New Guinea have in common? They all feature birds
66%
In which decade did the hula hoop toy first gain international popularity? 1950's
50%
Which country has both the lowest and highest point on the continent of South America? Argentina
50%
In 1977 which company used the advertising slogan "There is no finish line"? Nike
50%
At the 2025 World Athletics Championships who set a new world record for the men's pole vault? Armand Duplantis
47%
Which modern day country was previously known as Helvetia? Switzerland
45%
How many times has Ireland won Eurovision? 7
34%
Who immediately preceded Jeremy Hunt as the UK's Chancellor of the Exchequer? Kwasi Kwarteng
20%
No matching quizzes found
Score Distribution
Percent of People with Each Score
Percentile by Number Answered
Your Score History
You have not taken this quiz